zpět

Detail výsledku týmu

D9vítka, Šumperk

Datum a čas kvízu

29 Celkem bodů Celkový počet nahraných bodů na tomto kvízu bez doplňovacích otázek.
7. Pořadí na kvízu Konečné umístění týmu na tomto kvízu.

Zaznamenané odpovědi

# Otázka Odpověď Body Výsledky
1. V Jiráskově divadle v České Lí... selata (divočáci) 0
2. Římská radnice minulý týden oz... fontána di Trevi 0
3. Která 45letá česká herečka se... Anna Polívková 1
4. Minulý týden byla ve Veverskýc... pomocí SMS 1
5. Ve středu byla poblíž sídla Če... Věra Čáslavská, David Černý 0
6. Ruské město Nižnij Novgorod ne... Gorkij 0
7. Panovník jisté africké země za... Svazijsko/Svazijské království 0
8. Napište bývalý název Bratislav... Prešpurk/Prešporok/Prešporek; 1919 (1914–1924) 0.5
9. Když Portugalci objevili jistý... Tchaj-wan 0
10. Zhruba rok po vyhlazení českýc... o Panamu 0